000 00549 a2200181 4500
010 _aB-758238
020 _a8189479431
_c280.00
035 _aB-758638
037 _bGift/Unesco
082 _a362.76
100 _aAdenwalla, Maharukh
_964611
245 _aChild Sexual Abuse and The Law/
_cMaharukh Adenwalla
260 _aNew Delhi
_bHuman Rights Law Network
_c2008
270 _a576 Masjid Road, Jangpura
_bNew Delhi
_e110014
300 _aix, 210p.;
_c21cm. (pbk)
500 _aIndex
942 _adpl
_cEN
_2ddc
_h362.76
_mADE
999 _c202098
_d202098